[Event "72nd ch-RUS 2019"]
[Site "Izhevsk RUS"]
[Date "2019.08.11"]
[Round "2"]
[White "Artemiev, Vladislav"]
[Black "Jakovenko, Dmitry"]
[Result "1/2-1/2"]
[WhiteElo "2757"]
[BlackElo "2704"]
[PlyCount "123"]
[EventDate "2019.08.10"]

1. Nf3 d5 2. b3 Nf6 3. Bb2 Bg4 4. e3 Nbd7 5. h3 Bh5 6. g4 Bg6 7. g5 Ne4 8. h4
Bh5 9. d3 Nd6 10. Be2 h6 11. Nbd2 e6 12. Rg1 hxg5 13. hxg5 Bg6 14. c4 c6 15.
Qc2 Qe7 16. Qc3 O-O-O 17. O-O-O Bh5 18. Rh1 Rh7 19. Rde1 g6 20. Qa5 Kb8 21. Kb1
Bg7 22. d4 Rhh8 23. Rhg1 Nf5 24. Rc1 Rc8 25. Bd3 Qd8 26. Qc3 Bxf3 27. Nxf3 Rh3
28. Nd2 c5 29. cxd5 Nb6 30. Bxf5 exf5 31. Qa5 cxd4 32. Rxc8+ Qxc8 33. Rc1 Qd7
34. Nc4 Qxd5 35. Nxb6 Qe4+ 36. Ka1 axb6 37. Qxb6 Rh1 38. Qc7+ Ka7 39. a4 Rxc1+
40. Qxc1 Qd5 41. Ka2 f4 42. exd4 Qxg5 43. Qc4 Qf6 44. Qc7 Qf5 45. d5 Bxb2 46.
Qc5+ Kb8 47. Qd6+ Ka7 48. Kxb2 g5 49. a5 g4 50. Qb6+ Kb8 51. d6 Qe5+ 52. Ka2
Qc3 53. a6 Qd2+ 54. Ka3 Qc1+ 55. Kb4 Qe1+ 56. Kc4 Qe4+ 57. Kc3 Qe5+ 58. Kd2
Qd5+ 59. Kc2 Qe4+ 60. Kc3 Qe5+ 61. Kc4 Qe4+ 62. Kc3 1/2-1/2

[Event "72nd ch-RUS 2019"]
[Site "Izhevsk RUS"]
[Date "2019.08.11"]
[Round "2"]
[White "Motylev, Alexander"]
[Black "Predke, Alexandr"]
[Result "1-0"]
[WhiteElo "2668"]
[BlackElo "2650"]
[PlyCount "165"]
[EventDate "2019.08.10"]

1. e4 e5 2. Nf3 Nc6 3. Bb5 Nf6 4. d3 d6 5. O-O Be7 6. Re1 O-O 7. h3 a6 8. Bxc6
bxc6 9. d4 exd4 10. Nxd4 Bd7 11. Nc3 Re8 12. Bf4 h6 13. Qd3 Nh7 14. e5 Ng5 15.
Qg3 c5 16. Nb3 Bf5 17. Nd5 Bxc2 18. exd6 cxd6 19. Bxg5 hxg5 20. Na5 Rc8 21. Nb7
Qd7 22. Rxe7 Rxe7 23. Qxd6 Qxd6 24. Nxd6 Rce8 25. Nxe8 Rxe8 26. Ne3 Bd3 27. b3
Re5 28. Rd1 Bb5 29. Rd8+ Kh7 30. a4 Bc6 31. Rd6 Re6 32. Rd3 f5 33. f3 f4 34.
Nc4 Re1+ 35. Kf2 Rc1 36. Ne5 c4 37. bxc4 Bxa4 38. Ra3 Rc2+ 39. Kf1 Rc1+ 40. Ke2
Be8 41. Rxa6 Rc2+ 42. Kf1 Rc1+ 43. Kf2 Rc2+ 44. Kg1 Kg8 45. Ra1 Kf8 46. Re1 Ba4
47. Kh2 Ke7 48. Re4 Ra2 49. h4 gxh4 50. Nd3+ Kd8 51. Rxf4 g5 52. Rg4 h3 53.
Rxg5 hxg2 54. Rxg2 Ra3 55. Rd2 Ke7 56. Kg3 Rc3 57. Ne5 Bb3 58. Kf4 Ke6 59. Rd4
Rc2 60. Re4 Rc3 61. Ng4+ Kd6 62. Ne3 Ba2 63. Rd4+ Ke6 64. Rd8 Bb1 65. Re8+ Kd6
66. Rd8+ Ke6 67. Rb8 Bd3 68. Rb6+ Kd7 69. Rb4 Kd6 70. Ra4 Rc1 71. Ra8 Kd7 72.
Ra5 Kc6 73. Re5 Be2 74. Re4 Kc5 75. Re8 Kc6 76. Kg3 Bd3 77. Rd8 Rc3 78. Nd5 Rb3
79. Nb4+ Rxb4 80. Rxd3 Rxc4 81. f4 Re4 82. Kg4 Re8 83. f5 1-0

[Event "GCT Saint Louis (rapid) 2019"]
[Site "Saint Louis USA"]
[Date "2019.08.12"]
[Round "7"]
[White "Caruana, Fabiano"]
[Black "Aronian, Levon"]
[Result "0-1"]
[WhiteElo "2818"]
[BlackElo "2765"]
[PlyCount "102"]
[EventDate "2019.08.10"]

1. e4 e5 2. Nf3 Nc6 3. Bb5 a6 4. Ba4 Nf6 5. O-O Be7 6. Re1 b5 7. Bb3 O-O 8. a4
b4 9. a5 d6 10. c3 Be6 11. Bxe6 fxe6 12. d4 bxc3 13. bxc3 exd4 14. cxd4 d5 15.
e5 Nd7 16. Nbd2 Rb8 17. Ba3 Bxa3 18. Rxa3 Rb5 19. Qe2 h6 20. h3 Rf7 21. Rc1
Ndb8 22. Qd3 Nxa5 23. Rac3 Nd7 24. Qg6 Nf8 25. Qc2 c6 26. Ra1 Qb6 27. Rca3 Ra7
28. Nh2 c5 29. dxc5 Rxc5 30. Rc3 Rac7 31. Rxc5 Rxc5 32. Qd1 Nc6 33. Nhf3 Ng6
34. Rb1 Rb5 35. Rc1 Rb4 36. Nf1 Nf4 37. Qd2 Nd4 38. Nxd4 Qxd4 39. Qxd4 Ne2+ 40.
Kh2 Nxd4 41. Ra1 Rb6 42. f4 Nb3 43. Ra3 a5 44. Kg3 Rb4 45. Ne3 a4 46. f5 d4 47.
Nd1 exf5 48. Kf4 g6 49. e6 Kf8 50. Ke5 Ke7 51. Kd5 d3 0-1

[Event "GCT Saint Louis (rapid) 2019"]
[Site "Saint Louis USA"]
[Date "2019.08.12"]
[Round "7"]
[White "Carlsen, Magnus"]
[Black "Vachier-Lagrave, Maxime"]
[Result "1-0"]
[WhiteElo "2882"]
[BlackElo "2778"]
[PlyCount "67"]
[EventDate "2019.08.10"]

1. d4 Nf6 2. c4 g6 3. Nc3 d5 4. Nf3 Bg7 5. Qb3 dxc4 6. Qxc4 O-O 7. e4 Nc6 8. h3
Nd7 9. Be3 Nb6 10. Qc5 a5 11. Rc1 Nd7 12. Qa3 e5 13. d5 Nd4 14. Nb5 c5 15. dxc6
Nxc6 16. Be2 Nf6 17. Rd1 Bd7 18. Bc5 Nxe4 19. Bxf8 Bxf8 20. Qe3 Nc5 21. O-O Qf6
22. Nc7 Rd8 23. Nd5 Qg7 24. Nb6 e4 25. Nd4 Be8 26. Nxc6 Rxd1 27. Rxd1 Bxc6 28.
Bc4 Qe5 29. Qd4 Qg5 30. Nd5 Bxd5 31. Bxd5 Nd3 32. Qxe4 Nxb2 33. Rb1 Qf6 34.
Bxf7+ 1-0

[Event "GCT Saint Louis (rapid) 2019"]
[Site "Saint Louis USA"]
[Date "2019.08.12"]
[Round "7"]
[White "Mamedyarov, Shakhriyar"]
[Black "Rapport, Richard"]
[Result "0-1"]
[WhiteElo "2764"]
[BlackElo "2747"]
[PlyCount "46"]
[EventDate "2019.08.10"]

1. d4 Nf6 2. c4 e6 3. Nc3 Bb4 4. f3 c5 5. d5 d6 6. e4 b5 7. Bd2 exd5 8. cxd5 a6
9. a3 Ba5 10. a4 b4 11. Nb1 O-O 12. Bg5 Nbd7 13. Nd2 b3 14. Qxb3 h6 15. Bf4 Rb8
16. Qc2 Nxd5 17. exd5 Qf6 18. O-O-O Qxf4 19. Ne2 Qb4 20. Nc3 Nb6 21. Re1 c4 22.
g4 Bd7 23. Re4 Rfc8 0-1

[Event "GCT Saint Louis (rapid) 2019"]
[Site "Saint Louis USA"]
[Date "2019.08.12"]
[Round "7"]
[White "Ding, Liren"]
[Black "Karjakin, Sergey"]
[Result "1/2-1/2"]
[WhiteElo "2805"]
[BlackElo "2750"]
[PlyCount "143"]
[EventDate "2019.08.10"]

1. c4 Nf6 2. Nf3 e6 3. g3 d5 4. Bg2 dxc4 5. Qa4+ Nbd7 6. Qxc4 a6 7. Qb3 Rb8 8.
d4 b5 9. Ne5 Nxe5 10. dxe5 Nd7 11. O-O Nxe5 12. Rd1 Bd6 13. Bf4 Qe7 14. Bxe5
Bxe5 15. Bc6+ Kf8 16. Nd2 g6 17. Qe3 Bf6 18. Ne4 Rb6 19. Nxf6 Qxf6 20. Qh6+ Kg8
21. Rac1 e5 22. Bd7 Bxd7 23. Rxd7 g5 24. Qxf6 Rxf6 25. Rcxc7 Kg7 26. Re7 Rd8
27. Rxe5 h6 28. Rc2 Rd4 29. b3 Rd1+ 30. Kg2 Rfd6 31. Rec5 R1d2 32. Kf3 f6 33.
Ke3 Rxc2 34. Rxc2 h5 35. Rc5 Kg6 36. a4 bxa4 37. bxa4 Rd1 38. Kf3 g4+ 39. Kg2
Rd4 40. Ra5 Rd6 41. e3 Rc6 42. h3 Kh6 43. Rd5 Kg6 44. Rd4 Kg5 45. Rd5+ Kg6 46.
h4 Rc4 47. Ra5 Rc6 48. Kf1 Rb6 49. Kg2 Rc6 50. Rd5 Rc4 51. Rd4 Rc5 52. Kf1 Rc1+
53. Ke2 Rc2+ 54. Ke1 Ra2 55. Rf4 Kg7 56. Rf5 Rxa4 57. Rxh5 Ra1+ 58. Ke2 Ra2+
59. Kf1 Ra1+ 60. Kg2 Ra4 61. Rf5 Kg6 62. Rc5 a5 63. h5+ Kh6 64. Rf5 Ra2 65.
Rxf6+ Kxh5 66. Rf5+ Kg6 67. Rf4 Kg5 68. e4 a4 69. e5 Re2 70. Rxa4 Rxe5 71. f4+
gxf3+ 72. Kxf3 1/2-1/2

[Event "GCT Saint Louis (rapid) 2019"]
[Site "Saint Louis USA"]
[Date "2019.08.12"]
[Round "7"]
[White "Dominguez Perez, Leinier"]
[Black "Yu, Yangyi"]
[Result "0-1"]
[WhiteElo "2763"]
[BlackElo "2752"]
[PlyCount "116"]
[EventDate "2019.08.10"]

1. e4 c5 2. Nf3 Nc6 3. d4 cxd4 4. Nxd4 Nf6 5. Nc3 d6 6. Bg5 Bd7 7. f3 e6 8. Qd2
a6 9. O-O-O Be7 10. Be3 h5 11. Kb1 Qc7 12. Nxc6 Bxc6 13. Bg5 Rd8 14. Ne2 h4 15.
Qe1 d5 16. e5 Ng8 17. Bf4 Bb5 18. Nd4 Bxf1 19. Rxf1 Rc8 20. Qd2 Bc5 21. c3 Ne7
22. Rfe1 b5 23. g4 hxg3 24. hxg3 Ng6 25. Be3 Qb7 26. f4 b4 27. Rc1 Ne7 28. Qe2
Bxd4 29. cxd4 Kd7 30. g4 Qb5 31. Qxb5+ axb5 32. Rxc8 Kxc8 33. Kc2 Rh2+ 34. Kb3
Nc6 35. f5 Kb7 36. fxe6 fxe6 37. a3 bxa3 38. Kxa3 Kb6 39. Kb3 Rh3 40. Kc3 b4+
41. Kd3 Rh2 42. Re2 Rh1 43. Rf2 Rd1+ 44. Kc2 Rg1 45. g5 Rg3 46. Re2 Kb5 47. b3
Ne7 48. Kb2 Nf5 49. Bf2 Rxg5 50. Rc2 Rg2 51. Kc1 g5 52. Kd1 g4 53. Rc5+ Kb6 54.
Be1 Nxd4 55. Rc8 Rg1 56. Re8 Kc6 57. Re7 g3 58. Rf7 g2 0-1

[Event "GCT Saint Louis (rapid) 2019"]
[Site "Saint Louis USA"]
[Date "2019.08.12"]
[Round "8"]
[White "Karjakin, Sergey"]
[Black "Carlsen, Magnus"]
[Result "1-0"]
[WhiteElo "2750"]
[BlackElo "2882"]
[PlyCount "105"]
[EventDate "2019.08.10"]

1. d4 Nf6 2. c4 e6 3. Nf3 Bb4+ 4. Nbd2 O-O 5. a3 Be7 6. e4 d6 7. Be2 Nbd7 8.
Qc2 c5 9. d5 e5 10. Nf1 a6 11. Ng3 g6 12. O-O Ne8 13. b4 Ng7 14. Bh6 b6 15.
Rab1 a5 16. h3 Kh8 17. Rb2 axb4 18. axb4 Nf6 19. bxc5 bxc5 20. Rfb1 Ng8 21. Bd2
f5 22. Rb8 Rxb8 23. Rxb8 f4 24. Nf1 g5 25. Qa4 h6 26. Ba5 Qd7 27. Qc6 Nf6 28.
N1d2 Qxc6 29. dxc6 Ne6 30. Ra8 Bd8 31. Bxd8 Rxd8 32. Bd1 Nc7 33. Ra7 Nfe8 34.
Nh2 Be6 35. Bh5 Rc8 36. Ng4 Bxg4 37. Bxg4 Ra8 38. Rb7 Kg7 39. Bd7 Kf6 40. Nb1
Na6 41. Nc3 Nec7 42. Nb5 Ne6 43. Bxe6 Kxe6 44. Na7 h5 45. f3 g4 46. hxg4 hxg4
47. fxg4 Rg8 48. Kf2 Rxg4 49. Rb6 Nc7 50. Nb5 Rg7 51. Rb7 Ne8 52. Rb8 Nc7 53.
Rd8 1-0

[Event "GCT Saint Louis (rapid) 2019"]
[Site "Saint Louis USA"]
[Date "2019.08.12"]
[Round "8"]
[White "Rapport, Richard"]
[Black "Aronian, Levon"]
[Result "1-0"]
[WhiteElo "2747"]
[BlackElo "2765"]
[PlyCount "177"]
[EventDate "2019.08.10"]

1. e4 e5 2. Bc4 Nf6 3. d3 Nc6 4. Nc3 Na5 5. Bb3 Bb4 6. Nf3 Nxb3 7. axb3 d5 8.
exd5 Nxd5 9. Bd2 Nxc3 10. Bxc3 Bxc3+ 11. bxc3 O-O 12. O-O Re8 13. Re1 f6 14. d4
Bg4 15. h3 Bxf3 16. Qxf3 c6 17. dxe5 fxe5 18. Qe3 a5 19. Ra4 b5 20. Ra3 e4 21.
Rea1 h6 22. c4 bxc4 23. b4 a4 24. Qc3 Qd5 25. Rxa4 Rxa4 26. Rxa4 Qd1+ 27. Kh2
Qd6+ 28. Kg1 Qd1+ 29. Kh2 Qd6+ 30. g3 Qf6 31. Qxc4+ Kh8 32. Qe2 e3 33. Ra3
Qxf2+ 34. Qxf2 exf2 35. Kg2 Rf8 36. Kf1 h5 37. Ra5 g6 38. Ra6 c5 39. b5 Kg7 40.
Rc6 Rf5 41. b6 h4 42. g4 Rd5 43. b7 Rd1+ 44. Kxf2 Rb1 45. Rc7+ Kf6 46. Ke3 Ke6
47. Kf4 Kf6 48. Rc6+ Kf7 49. Kg5 Rxb7 50. Rxc5 Re7 51. Kxh4 Kf6 52. Rc6+ Kg7
53. Kg5 Re5+ 54. Kf4 Re1 55. h4 Rd1 56. c4 Re1 57. Rd6 Rc1 58. Kg5 Rxc4 59.
Rxg6+ Kh7 60. Rf6 Kg7 61. Rf5 Rc6 62. h5 Ra6 63. Rb5 Ra7 64. h6+ Kh7 65. Kh5
Ra1 66. Rb7+ Kg8 67. g5 Ra5 68. Re7 Rb5 69. Kg4 Rb1 70. g6 Rg1+ 71. Kf5 Rf1+
72. Ke6 Re1+ 73. Kd7 Rd1+ 74. Kc6 Rc1+ 75. Kd6 Rd1+ 76. Kc7 Rc1+ 77. Kd8 Rd1+
78. Rd7 Rg1 79. Rd6 Rh1 80. g7 Rg1 81. Rf6 Rd1+ 82. Kc7 Rc1+ 83. Kd6 Rd1+ 84.
Ke5 Re1+ 85. Kf4 Rf1+ 86. Kg5 Rg1+ 87. Kh4 Kh7 88. Rf8 Rh1+ 89. Kg3 1-0

[Event "GCT Saint Louis (rapid) 2019"]
[Site "Saint Louis USA"]
[Date "2019.08.12"]
[Round "8"]
[White "Yu, Yangyi"]
[Black "Caruana, Fabiano"]
[Result "1-0"]
[WhiteElo "2752"]
[BlackElo "2818"]
[PlyCount "65"]
[EventDate "2019.08.10"]

1. e4 c5 2. d3 Nc6 3. f4 g6 4. Nf3 Bg7 5. Be2 Nf6 6. O-O O-O 7. Qe1 d5 8. e5
Ne8 9. Be3 d4 10. Bd2 f6 11. Na3 Nc7 12. Nc4 Be6 13. Na5 Nxa5 14. Bxa5 Qd7 15.
Bd2 b5 16. Qg3 a5 17. h4 Nd5 18. Rae1 Kh8 19. Bd1 Rg8 20. Nh2 Bf5 21. Bg4 Nb4
22. e6 Qd6 23. Bxb4 axb4 24. h5 Bxg4 25. Qxg4 f5 26. Qh3 gxh5 27. Qxh5 Qd5 28.
g4 Ra6 29. Nf3 Bf6 30. Kf2 Rxe6 31. Rh1 Kg7 32. g5 Re3 33. gxf6+ 1-0

[Event "GCT Saint Louis (rapid) 2019"]
[Site "Saint Louis USA"]
[Date "2019.08.12"]
[Round "8"]
[White "Vachier-Lagrave, Maxime"]
[Black "Dominguez Perez, Leinier"]
[Result "1-0"]
[WhiteElo "2778"]
[BlackElo "2763"]
[PlyCount "87"]
[EventDate "2019.08.10"]

1. e4 e5 2. Nf3 Nc6 3. Bb5 Nf6 4. O-O Nxe4 5. d4 Nd6 6. Bxc6 dxc6 7. dxe5 Nf5
8. Qxd8+ Kxd8 9. h3 h6 10. Rd1+ Ke8 11. Nc3 Ne7 12. a4 Ng6 13. a5 Be7 14. Be3
Nf8 15. Nd4 Bd7 16. f4 h5 17. f5 h4 18. Rf1 Rh5 19. a6 b6 20. Rae1 c5 21. Ndb5
Bd8 22. e6 fxe6 23. Bf4 Rxf5 24. Bxc7 Rxf1+ 25. Rxf1 Be7 26. Bxb6 Bxb5 27. Nxb5
Rb8 28. Nc7+ Kd7 29. Bxa7 Kxc7 30. Bxb8+ Kxb8 31. Rf7 Bd6 32. Rxg7 e5 33. Kf2
c4 34. Rg4 Bc5+ 35. Kf1 Ka7 36. Rxc4 Ne6 37. Rxh4 Nd4 38. Rh5 Nxc2 39. Rxe5 Bd4
40. Re6 Nb4 41. g4 Nxa6 42. g5 Nc5 43. Re7+ Kb6 44. g6 1-0

[Event "GCT Saint Louis (rapid) 2019"]
[Site "Saint Louis USA"]
[Date "2019.08.12"]
[Round "8"]
[White "Mamedyarov, Shakhriyar"]
[Black "Ding, Liren"]
[Result "1/2-1/2"]
[WhiteElo "2764"]
[BlackElo "2805"]
[PlyCount "89"]
[EventDate "2019.08.10"]

1. d4 d5 2. c4 e6 3. Nc3 c6 4. e3 Nf6 5. Nf3 Nbd7 6. Qc2 Bd6 7. Bd3 O-O 8. O-O
e5 9. cxd5 cxd5 10. e4 exd4 11. Nxd5 Nxd5 12. exd5 h6 13. Bh7+ Kh8 14. Bf5 Qf6
15. Rd1 Nb6 16. Bxc8 Raxc8 17. Qe4 Bc5 18. Bf4 Nc4 19. Bg3 Rfe8 20. Qg4 Nxb2
21. Be5 Qg6 22. Qxg6 fxg6 23. Rdb1 Nc4 24. Bxd4 Nd6 25. h3 Re4 26. Rd1 Bxd4 27.
Nxd4 Rc4 28. Ne6 b5 29. Re1 a5 30. Rxe4 Nxe4 31. Re1 b4 32. Nf8 Kg8 33. Nxg6
Nc3 34. Ne5 Rd4 35. Nc6 Rd2 36. Nxa5 Nxd5 37. Re8+ Kf7 38. Rd8 Ke6 39. Nc4 Rc2
40. Rd6+ Ke7 41. Rxd5 Rxc4 42. Rd2 Rc1+ 43. Kh2 Rb1 44. g4 b3 45. axb3 1/2-1/2

[Event "GCT Saint Louis (rapid) 2019"]
[Site "Saint Louis USA"]
[Date "2019.08.12"]
[Round "9"]
[White "Aronian, Levon"]
[Black "Yu, Yangyi"]
[Result "1/2-1/2"]
[WhiteElo "2765"]
[BlackElo "2752"]
[PlyCount "39"]
[EventDate "2019.08.10"]

1. c4 c6 2. Nf3 d5 3. e3 Nf6 4. d4 g6 5. Nbd2 a5 6. cxd5 cxd5 7. Ne5 Bg7 8.
Bb5+ Nbd7 9. O-O O-O 10. Ndf3 Ne4 11. Be2 a4 12. Nd3 Nb6 13. Bd2 Nxd2 14. Qxd2
Qd6 15. Rfc1 Nc4 16. Qb4 Bf5 17. Qxd6 Nxd6 18. Nb4 e6 19. h3 Rfc8 20. Ne5
1/2-1/2

[Event "GCT Saint Louis (rapid) 2019"]
[Site "Saint Louis USA"]
[Date "2019.08.12"]
[Round "9"]
[White "Dominguez Perez, Leinier"]
[Black "Karjakin, Sergey"]
[Result "1-0"]
[WhiteElo "2763"]
[BlackElo "2750"]
[PlyCount "65"]
[EventDate "2019.08.10"]

1. e4 c6 2. d4 d5 3. e5 Bf5 4. Nf3 e6 5. Be2 Ne7 6. c3 h6 7. O-O Nd7 8. Nbd2
Qc7 9. Re1 Bg6 10. Nb3 a6 11. Bf4 c5 12. Nxc5 Nxc5 13. dxc5 Qxc5 14. Qb3 Qc7
15. c4 dxc4 16. Bxc4 Nc6 17. Bxe6 fxe6 18. Qxe6+ Ne7 19. Rac1 Qd7 20. Qxd7+
Kxd7 21. e6+ Ke8 22. Ne5 Rh7 23. g4 Rd8 24. Rc7 Bd3 25. Nf7 Nd5 26. Nxd8 Nxc7
27. Bxc7 g5 28. Nf7 Bc4 29. b3 Bxe6 30. Nd8 Rxc7 31. Nxe6 Rc8 32. Nxf8+ Kxf8
33. Re6 1-0

[Event "GCT Saint Louis (rapid) 2019"]
[Site "Saint Louis USA"]
[Date "2019.08.12"]
[Round "9"]
[White "Carlsen, Magnus"]
[Black "Mamedyarov, Shakhriyar"]
[Result "1/2-1/2"]
[WhiteElo "2882"]
[BlackElo "2764"]
[PlyCount "111"]
[EventDate "2019.08.10"]

1. d4 d5 2. c4 c5 3. cxd5 Qxd5 4. Nf3 cxd4 5. Qxd4 Qxd4 6. Nxd4 Bd7 7. e4 Nc6
8. Be3 e5 9. Nb5 Rc8 10. Nd2 Nf6 11. f3 a6 12. Nc3 b5 13. a4 Nd4 14. Bd3 bxa4
15. Bxd4 exd4 16. Ne2 Bb4 17. Nxd4 a3 18. Ke2 axb2 19. Rxa6 Rc1 20. Rd1 O-O 21.
N4b3 Rfc8 22. Rb6 Bf8 23. Na5 Ba4 24. Rf1 Ba3 25. Nac4 Nd7 26. Ra6 Rxf1 27.
Kxf1 Nc5 28. Nxa3 Nxa6 29. Bxa6 Rc1+ 30. Kf2 Ra1 31. Nac4 Bc6 32. Bc8 Bb5 33.
Nxb2 Ra2 34. Ke3 Rxb2 35. h4 Kf8 36. Bb7 Bf1 37. Nxf1 Rxb7 38. Kf4 Ke7 39. Ne3
Rb2 40. Nf5+ Kf8 41. g4 g6 42. Ne3 f6 43. g5 Kf7 44. Nd5 fxg5+ 45. hxg5 Ke6 46.
Nc7+ Kd6 47. Nd5 Rb7 48. Ke3 Kc5 49. Nf6 Kd6 50. Ng4 Rb5 51. Kf4 Ke6 52. Ne3
Rb7 53. Ng4 Rf7+ 54. Ke3 Kd6 55. Nh6 Ra7 56. Ng4 1/2-1/2

[Event "GCT Saint Louis (rapid) 2019"]
[Site "Saint Louis USA"]
[Date "2019.08.12"]
[Round "9"]
[White "Ding, Liren"]
[Black "Rapport, Richard"]
[Result "1/2-1/2"]
[WhiteElo "2805"]
[BlackElo "2747"]
[PlyCount "61"]
[EventDate "2019.08.10"]

1. d4 e6 2. c4 b6 3. e4 Bb4+ 4. Bd2 Bxd2+ 5. Qxd2 d5 6. Bd3 Nc6 7. Ne2 dxe4 8.
Bxe4 Bb7 9. Nbc3 Nf6 10. Bf3 O-O 11. O-O Rb8 12. Rad1 Ne7 13. Bxb7 Rxb7 14. d5
exd5 15. cxd5 c6 16. dxc6 Nxc6 17. Qxd8 Rxd8 18. Rxd8+ Nxd8 19. Rd1 Rd7 20.
Rxd7 Nxd7 21. Nd4 Ne5 22. Kf1 Kf8 23. Ke2 Ke7 24. f4 Nec6 25. Nxc6+ Nxc6 26.
Kd3 Ke6 27. Ke4 f5+ 28. Kd3 Kd6 29. a3 a6 30. b4 b5 31. g3 1/2-1/2

[Event "GCT Saint Louis (blitz) 2019"]
[Site "Saint Louis USA"]
[Date "2019.08.13"]
[Round "1"]
[White "Carlsen, Magnus"]
[Black "Vachier-Lagrave, Maxime"]
[Result "1-0"]
[WhiteElo "2882"]
[BlackElo "2778"]
[PlyCount "179"]
[EventDate "2019.08.13"]

1. d4 Nf6 2. c4 g6 3. h4 Bg7 4. Nc3 c5 5. d5 e6 6. e4 exd5 7. exd5 O-O 8. Be2
Re8 9. Kf1 a6 10. a4 d6 11. h5 Ne4 12. Nxe4 Rxe4 13. hxg6 hxg6 14. Nf3 Bg4 15.
Bg5 Bf6 16. Be3 Nd7 17. Nd2 Rxe3 18. fxe3 Bxe2+ 19. Qxe2 Qe7 20. Rh3 Re8 21.
Rb1 Bg5 22. Re1 Qf6+ 23. Qf2 Qxb2 24. Nf3 Qxf2+ 25. Kxf2 Bf6 26. Rb1 b6 27. Ke2
Re4 28. Kd3 Rg4 29. g3 Kf8 30. a5 bxa5 31. Rb7 Ke7 32. Ra7 a4 33. Rxa6 Ne5+ 34.
Nxe5 Bxe5 35. Ra7+ Kf6 36. Rh7 Rxg3 37. Rhxf7+ Kg5 38. Rxa4 Rg1 39. Ra2 Kg4 40.
Re7 Bg3 41. Re6 g5 42. Ra6 Rd1+ 43. Ke4 Rc1 44. Raxd6 Bxd6 45. Rxd6 Rxc4+ 46.
Kd3 Rc1 47. Rf6 c4+ 48. Kd2 Ra1 49. d6 Ra3 50. e4 Rd3+ 51. Kc2 Kh3 52. e5 g4
53. Rh6+ Kg2 54. Rh7 g3 55. d7 Kf2 56. e6 g2 57. Rf7+ Ke2 58. Rg7 Kf2 59. Rxg2+
Kxg2 60. e7 Rxd7 61. e8=Q Rd3 62. Qe4+ Kf2 63. Qxc4 Rf3 64. Kd2 Kg3 65. Qe4 Rf4
66. Qg6+ Kf2 67. Qg5 Rf3 68. Qg4 Ra3 69. Qd4+ Kf1 70. Qf6+ Kg2 71. Ke2 Rg3 72.
Qf5 Kh2 73. Qh5+ Kg1 74. Qh4 Kg2 75. Qe4+ Kg1 76. Qd5 Rg6 77. Qd4+ Kh2 78. Qh4+
Kg1 79. Kf3 Rg2 80. Qe1+ Kh2 81. Qe5+ Kh1 82. Qh8+ Kg1 83. Qh4 Rg8 84. Qd4+ Kh1
85. Qh4+ Kg1 86. Qe1+ Kh2 87. Qd2+ Kh1 88. Qc1+ Kh2 89. Qc2+ Kh1 90. Qh7+ 1-0

[Event "GCT Saint Louis (blitz) 2019"]
[Site "Saint Louis USA"]
[Date "2019.08.13"]
[Round "1"]
[White "Yu, Yangyi"]
[Black "Ding, Liren"]
[Result "1/2-1/2"]
[WhiteElo "2752"]
[BlackElo "2805"]
[PlyCount "49"]
[EventDate "2019.08.13"]

1. e4 c6 2. d3 d5 3. f4 dxe4 4. dxe4 Qxd1+ 5. Kxd1 e5 6. fxe5 Be6 7. Nf3 Nd7 8.
Be3 Ne7 9. Nbd2 Ng6 10. Bc4 Ndxe5 11. Bxe6 fxe6 12. Nxe5 Nxe5 13. Ke2 Ng4 14.
Bf4 O-O-O 15. Rhf1 Bd6 16. h3 Bxf4 17. Rxf4 Ne5 18. Nf3 Ng6 19. Rf7 Rd7 20.
Rxd7 Kxd7 21. g3 Ke7 22. Rd1 Rd8 23. Rxd8 Kxd8 24. h4 Ke7 25. Ke3 1/2-1/2

[Event "GCT Saint Louis (blitz) 2019"]
[Site "Saint Louis USA"]
[Date "2019.08.13"]
[Round "1"]
[White "Aronian, Levon"]
[Black "Karjakin, Sergey"]
[Result "1/2-1/2"]
[WhiteElo "2765"]
[BlackElo "2750"]
[PlyCount "134"]
[EventDate "2019.08.13"]

1. e4 e5 2. Nf3 Nc6 3. Bb5 Nf6 4. O-O Nxe4 5. d4 Nd6 6. Bxc6 dxc6 7. dxe5 Nf5
8. Qxd8+ Kxd8 9. Nc3 Ke8 10. h3 h5 11. Bg5 Be6 12. Rfd1 Be7 13. Rd2 Rd8 14.
Rxd8+ Bxd8 15. Rd1 Be7 16. b3 h4 17. Kf1 Rh5 18. Bc1 b6 19. Ne2 Bc8 20. Nf4 Rh6
21. Nh2 Bg5 22. Ng4 Bxf4 23. Bxf4 Rh5 24. e6 Bxe6 25. Bxc7 f6 26. Rd8+ Ke7 27.
Ra8 Nd4 28. Bd8+ Kd6 29. Rxa7 Ra5 30. Be7+ Kd5 31. Ne3+ Ke4 32. Rxa5 bxa5 33.
Bc5 Nf5 34. Nd1 g5 35. Nc3+ Ke5 36. Bb6 Nd4 37. Bc7+ Kf5 38. Bxa5 Nxc2 39. Nd1
Bc8 40. f3 Ba6+ 41. Kf2 Ke6 42. Bc3 Na3 43. Ne3 Bd3 44. Bb4 Nc2 45. Bc5 Nxe3
46. Kxe3 Bf1 47. Kf2 Bd3 48. a3 Ba6 49. a4 f5 50. b4 f4 51. Bb6 Kf5 52. Bd8 Bc4
53. a5 Bb5 54. Ke1 Kg6 55. Kd2 Bf1 56. Ke1 Bxg2 57. a6 Bxf3 58. a7 c5 59. bxc5
Bc6 60. Kf2 Kh5 61. Bc7 Kg6 62. Bd8 g4 63. hxg4 h3 64. Kg1 f3 65. Bh4 f2+ 66.
Bxf2 Kg5 67. Kh2 Kxg4 1/2-1/2

[Event "GCT Saint Louis (blitz) 2019"]
[Site "Saint Louis USA"]
[Date "2019.08.13"]
[Round "2"]
[White "Karjakin, Sergey"]
[Black "Carlsen, Magnus"]
[Result "1-0"]
[WhiteElo "2750"]
[BlackElo "2882"]
[PlyCount "129"]
[EventDate "2019.08.13"]

1. d4 e6 2. e4 d5 3. Nc3 Nf6 4. e5 Nfd7 5. f4 c5 6. Nf3 Nc6 7. Be3 cxd4 8. Nxd4
Bc5 9. Qd2 Bxd4 10. Bxd4 Nxd4 11. Qxd4 Qb6 12. Qxb6 Nxb6 13. h4 Bd7 14. h5 h6
15. O-O-O Ke7 16. Bd3 a6 17. Rh3 Na4 18. Ne2 Nc5 19. Nd4 Rac8 20. Rg3 Rhg8 21.
Kd2 Bb5 22. f5 Bd7 23. fxe6 Bxe6 24. Ke3 Nd7 25. Bh7 Rh8 26. Rxg7 Nxe5 27. Rf1
Rce8 28. Nxe6 Kxe6 29. Kd4 Kd6 30. Bd3 Nc6+ 31. Kc3 Ne5 32. Kd4 Re6 33. Bf5 Rf6
34. Bd3 Nc6+ 35. Ke3 Rxf1 36. Bxf1 Ke6 37. Rg4 Re8 38. Bd3 Ne5 39. Rb4 Re7 40.
Kf4 Nc6 41. Rb6 Kd6 42. g4 Kc5 43. Rb3 Nd4 44. Rc3+ Kd6 45. Rc8 Re1 46. Rh8
Ne6+ 47. Kg3 Ke5 48. Rxh6 Re3+ 49. Kf2 d4 50. Rh8 Ng5 51. Re8+ Kf4 52. Rxe3
dxe3+ 53. Ke2 Kxg4 54. h6 f5 55. Kxe3 a5 56. a4 b6 57. c3 Kh5 58. Bxf5 Kxh6 59.
Kd4 Kg7 60. Kd5 Kf6 61. Bc2 Nf3 62. Kc6 Ne5+ 63. Kxb6 Nc4+ 64. Kc5 Nxb2 65. Kd4
1-0

[Event "GCT Saint Louis (blitz) 2019"]
[Site "Saint Louis USA"]
[Date "2019.08.13"]
[Round "2"]
[White "Mamedyarov, Shakhriyar"]
[Black "Aronian, Levon"]
[Result "0-1"]
[WhiteElo "2764"]
[BlackElo "2765"]
[PlyCount "164"]
[EventDate "2019.08.13"]

1. d4 Nf6 2. Nf3 d5 3. g3 e6 4. Bg2 Be7 5. O-O O-O 6. c4 dxc4 7. Ne5 Nc6 8.
Nxc6 bxc6 9. Na3 Bxa3 10. bxa3 Ba6 11. Qd2 Rb8 12. Qa5 Qc8 13. a4 Rd8 14. Rd1
c3 15. Bg5 Bxe2 16. Bxf6 gxf6 17. Re1 Bc4 18. Qh5 Bd5 19. Bf1 Rd6 20. Qh6 f5
21. Rac1 Qf8 22. Qe3 Qg7 23. Rxc3 Bxa2 24. d5 Bxd5 25. Rc5 Qg4 26. Ra5 Qf3 27.
Qxf3 Bxf3 28. Rxa7 Rbd8 29. Re3 Be4 30. f3 Bd3 31. Rxc7 Bxf1 32. Kxf1 Rd1+ 33.
Re1 Rxe1+ 34. Kxe1 Ra8 35. Rxc6 Rxa4 36. Rc2 f4 37. Kf2 Kg7 38. Kg2 h5 39. Rc5
Kg6 40. Rc3 f6 41. gxf4 Rxf4 42. Rc8 Ra4 43. Rg8+ Kh7 44. Re8 e5 45. Rc8 Kg7
46. Kg3 h4+ 47. Kh3 Rf4 48. Kg2 Kf7 49. Ra8 Ke6 50. Ra6+ Kd5 51. Ra5+ Kd4 52.
Ra4+ Ke3 53. Ra3+ Kd2 54. Ra2+ Kc3 55. Ra3+ Kb4 56. Ra6 Kb5 57. Ra8 Kc5 58.
Ra5+ Kd6 59. Ra6+ Ke7 60. Ra7+ Ke6 61. Ra6+ Kf5 62. Ra8 Rb4 63. Ra3 Rb2+ 64.
Kh3 Kf4 65. Ra4+ Kxf3 66. Rxh4 f5 67. Rh5 Kf4 68. Rh4+ Kg5 69. Rh8 Rb3+ 70. Kg2
e4 71. Rg8+ Kf4 72. h4 Rb2+ 73. Kh3 Rb1 74. Kg2 e3 75. Re8 Rb2+ 76. Kh3 Kf3 77.
h5 Rb1 78. Kh4 Kf4 79. Kh3 Rh1+ 80. Kg2 Rxh5 81. Ra8 Rg5+ 82. Kf1 Kf3 0-1

[Event "GCT Saint Louis (blitz) 2019"]
[Site "Saint Louis USA"]
[Date "2019.08.13"]
[Round "2"]
[White "Ding, Liren"]
[Black "Dominguez Perez, Leinier"]
[Result "1-0"]
[WhiteElo "2805"]
[BlackElo "2763"]
[PlyCount "53"]
[EventDate "2019.08.13"]

1. c4 e6 2. Nc3 d5 3. d4 Nf6 4. cxd5 Nxd5 5. e4 Nxc3 6. bxc3 c5 7. Rb1 Be7 8.
Nf3 O-O 9. Be2 b6 10. O-O Bb7 11. Qd3 Ba6 12. Qe3 Bxe2 13. Qxe2 cxd4 14. cxd4
Nd7 15. Rd1 Rc8 16. Bf4 Re8 17. h3 Bf8 18. Qa6 Rc3 19. Qxa7 Ra3 20. Qb7 Rxa2
21. Rdc1 Nf6 22. Rc7 Qa8 23. Rxf7 Nxe4 24. Rxb6 Ra1+ 25. Kh2 Nxf2 26. Be5 Ra7
27. Qxa7 1-0